000 00607nam a2200241Ia 4500
003 OSt
005 20220918174615.0
006 a|||||r|||| 00| 0
007 ta
008 220917b |||||||| |||| 00| 0 eng d
024 _a13,095
037 _cTextual
040 _aARTS
_cARTS
_beng
041 _2eng
_aeng
082 _aN461,G, L5
100 _aAtil Esin
_951094
245 0 _aArt of the Arab world
260 _awashington
_bSmith Sonian Institution
_c1975
300 _a154p.
_ccm.
650 _aARTS
942 _hN461,G, L5
_cTEXL
_2CC
999 _c153915
_d153915